01252cam a22003134a 450000100090000000300040000900500170001300800410003001000170007102000280008804000180011604200080013405000200014208200170016210000380017924500800021726000340029730000350033144000430036650400660040965000160047565000250049185600910051685600920060790600450069994200400074495201370078499900170092112653225OSt20230923161858.0020123s2002 nyua b 001 0 eng  a 2002019559 a0387954457 (alk. paper) aDLCcDLCdDLC apcc00aQA267b.H3 200200a511.3bHAA/S1 aHaas, Peter J.q(Peter Jay)9959310aStochastic Petri nets :bmodelling, stability, simulation /cPeter J. Haas. aNew York :bSpringer,cc2002. axxii, 509 p. :bill. ;c24 cm. 0aSpringer series in operations research aIncludes bibliographical references (p. [483]-498) and index. 0aPetri nets. 0aStochastic analysis.423Publisher descriptionuhttp://www.loc.gov/catdir/enhancements/fy0817/2002019559-d.html413Table of contents onlyuhttp://www.loc.gov/catdir/enhancements/fy0817/2002019559-t.html a7bcbccorignewd1eocipf20gy-gencatlg 2ddccBKh511.3iHAA/Sk511.3mHAA/S 00102ddc40708MATHEMATICSaMESbMEScMATd2023-09-23l0o511.3 HAA/Sp42598r2023-09-23 16:19:34v4744.05w2023-09-23yBKzGL22R2 c42305d42305